Delinquency areas: a re-assessement

Gespeichert in:  
Bibliographische Detailangaben
1. VerfasserIn: Mays, John Barron 1914-1987 (Verfasst von)
Medienart: Druck Aufsatz
Sprache:Englisch
Veröffentlicht: 1962
In: The British journal of criminology
Jahr: 1962, Band: 3, Seiten: 216 ff.
Verfügbarkeit prüfen: HBZ Gateway
Schlagwörter:

MARC

LEADER 00000caa a2200000 c 4500
001 1641220457
003 DE-627
005 20220608133527.0
007 tu
008 141113s1962 xx ||||| 00| ||eng c
035 |a (DE-627)1641220457 
035 |a (DE-576)416973841 
035 |a (DE-599)BSZ416973841 
040 |a DE-627  |b ger  |c DE-627  |e rakwb 
041 |a eng 
100 1 |a Mays, John Barron  |d 1914-1987  |0 (DE-588)1089241895  |0 (DE-627)851035353  |0 (DE-576)162177445  |4 aut 
109 |a Mays, John Barron 1914-1987 
245 1 0 |a Delinquency areas  |b a re-assessement  |c J. B. Mays 
264 1 |c 1962 
336 |a Text  |b txt  |2 rdacontent 
337 |a ohne Hilfsmittel zu benutzen  |b n  |2 rdamedia 
338 |a Band  |b nc  |2 rdacarrier 
773 0 8 |i In  |t The British journal of criminology  |d Oxford : Univ. Press, 1960  |g 3(1962), Seite 216 ff.  |w (DE-627)129851361  |w (DE-600)280389-6  |w (DE-576)015150712  |x 0007-0955  |7 nnas 
773 1 8 |g volume:3  |g year:1962  |g pages:216 ff. 
951 |a AR 
ELC |b 1 
LOK |0 000 xxxxxcx a22 zn 4500 
LOK |0 001 330386389X 
LOK |0 003 DE-627 
LOK |0 004 1641220457 
LOK |0 005 20250519153622 
LOK |0 008 141113||||||||||||||||ger||||||| 
LOK |0 040   |a DE-21-110  |c DE-627  |d DE-21-110 
LOK |0 689   |a s  |a Verlaufsstudien 
LOK |0 852   |a DE-21-110 
LOK |0 852 1  |m p  |9 00 
LOK |0 935   |a k110 
LOK |0 938   |k p 
LOK |0 939   |a 13-11-14  |b l01 
ORI |a SA-MARC-krimdoka001.raw